000 00712nam a22002297a 4500
005 20170124110113.0
010 _aA-240929
020 _c150.00
035 _aA-240929
037 _bCen Lib/Ret
040 _aDPL
_bEN
082 _a915.416
_bGUP
100 _aGupta, Ramesh Chandra
_929401
245 _aUrban geography of Delhi-Shahadra /
_cby Ramesh Chandra Gupta
260 _aDelhi
_bBhavna Prakashan
_c1985
270 _bDelhi
_e110092
300 _a201p. :
_c21cm(Hb)
_bill.
500 _aIncludes bibliographical references
650 _aCity planning -- India -- Shahdara
_929402
650 _aShahdara (India) -- Social conditions
_929403
942 _2ddc
_cEN
_h915.416
_mGUP
999 _c130517
_d130517